[Event "Provincial-ch Elche Preferente"]
[Site "Valencia"]
[Date "2011.10.29"]
[Round "3"]
[White "Canicio Navarro, Sonia"]
[Black "Garbayo Valero, Santiago"]
[Result "1/2-1/2"]
[WhiteElo "1873"]
[BlackElo "1566"]
[PlyCount "115"]
[EventDate "2011.10.01"]
[EventType "swiss"]
[EventRounds "7"]
[EventCountry "ESP"]
[SourceTitle "EXT 2024"]
[Source "ChessBase"]
[SourceDate "2023.10.10"]
[SourceVersion "1"]
[SourceVersionDate "2023.10.10"]
[SourceQuality "1"]

1. d4 d5 2. Bf4 Bf5 3. Nf3 Nc6 4. a3 Nf6 5. e3 a6 6. c4 e6 7. Nc3 h6 8. Rc1 Bd6 9. Bxd6 cxd6 10. cxd5 Nxd5 11. Nxd5 exd5 12. Qb3 Qa5+ 13. Rc3 b6 14. Be2 Rc8 15. 0-0 0-0 16. Rfc1 Ne7 17. Qd1 b5 18. b4 Qb6 19. Nd2 Rxc3 20. Rxc3 Rc8 21. Rxc8+ Nxc8 22. Qc1 Ne7 23. Bf3 Be6 24. Nb3 Qc6 25. Qxc6 Nxc6 26. h3 Kf8 27. g4 Ke7 28. Bg2 g5 29. f4 f6 30. f5 Bf7 31. Kf2 Kd7 32. Ke2 Kc7 33. Kd3 Kb6 34. Kc3 a5 35. Nd2 axb4+ 36. axb4 Ne7 37. Nf3 h5 38. Ne1 Ng8 39. e4 hxg4 40. hxg4 Nh6 41. Bf3 dxe4 42. Be2 Ba2 43. Ng2 d5 44. Ne3 Kc6 45. Kd2 Nf7 46. Nf1 Nd6 47. Ng3 Bc4 48. Bd1 Kd7 49. Nh5 Ke7 50. Ng3 Nc8 51. Nh5 Nb6 52. Ng3 Na4 53. Nh1 Nb2 54. Bc2 Nd3 55. Bxd3 Bxd3 56. Nf2 Bf1 57. Ke3 Bg2 58. Kd2 1/2-1/2